| 000 | 00336nam a2200121Ia 4500 | ||
|---|---|---|---|
| 008 | 240624s9999 xx 000 0 und d | ||
| 041 | _aeng | ||
| 082 | _a650.14 CHA | ||
| 100 | _aCHAUHAN GAJENDRA SINGH | ||
| 245 | _aSOFT SKILLS AN INTEGRATED APPROACH TO MA | ||
| 260 |
_c2016 _aNew Delhi _bWiley India |
||
| 300 | _aviii, : 244. : cm. ; 23 | ||
| 999 |
_c28806 _d28806 |
||